Mussorgsky
Wedi'i Gadw mewn:
| Prif Awdur: | |
|---|---|
| Fformat: | Llyfr |
| Iaith: | Sbaeneg |
| Cyhoeddwyd: |
Buenos Aires
Tor
1948
|
| Cyfres: | Los Maestros de la Música
|
| Pynciau: | |
| Tagiau: |
Ychwanegu Tag
Dim Tagiau, Byddwch y cyntaf i dagio'r cofnod hwn!
|
MARC
| LEADER | 00000nam a2200000 a 4500 | ||
|---|---|---|---|
| 001 | UCN1627 | ||
| 003 | CL-VaPUC | ||
| 008 | 010427e19480000AG |||||||||||||||||spa|d | ||
| 082 | 0 | 4 | |a 780.92 |b CAL |2 21 |
| 100 | 0 | |a Calvocoressi, M. D |e author |9 456849 | |
| 245 | 1 | 0 | |a Mussorgsky |
| 300 | |a 187 p | ||
| 942 | |c BK | ||
| 945 | |d 20010427 00:00:00 |a crobeson | ||
| 260 | |a Buenos Aires |b Tor |c 1948 | ||
| 600 | 0 | |a Mussorgsky, Modest Petrovich |9 306353 | |
| 650 | 0 | |a Compositores rusos |9 329355 | |
| 650 | 7 | |a MUSICA SIGLO 19 |2 CL-VaPUC |9 456850 | |
| 583 | |a last modification |c 20010427 00:00:00 |k Rodrigo Vera | ||
| 490 | 0 | |a Los Maestros de la Música | |
| 999 | |c 294878 |d 294876 | ||